Football Teams Mohamed Salah Played For - Statistics

General Stats
  • This quiz has been taken 172 times
  • The average score is 4 of 6
Answer Stats
League Years Team % Correct
England 2017- Liverpool FC
98%
Italy 2015-2017 AS Roma
94%
England 2014-2015 Chelsea FC
91%
Italy 2015 ACF Fiorentina
73%
Switzerland 2012-2014 FC Basel 1893
72%
Egypt 2010-2012 El Mokawloon SC
20%
No matching quizzes found
Score Distribution
Percent of People with Each Score
Percentile by Number Answered
Your Score History
You have not taken this quiz